[Event "43. Olimpiada Batumi 2018 Femenina"]
[Site "Batumi GEO"]
[Date "2018.10.05"]
[Round "11.4"]
[White "Edithso, Samantha"]
[Black "Petrovska, Katerina"]
[Result "1-0"]
[WhiteElo "1805"]
[BlackElo "1966"]
[PlyCount "151"]
[EventDate "2018.09.24"]
[EventType "team-swiss"]
[EventRounds "11"]
[EventCountry "GEO"]
[SourceTitle "Ajedrez en Madrid"]
[Source "lmi"]
[SourceDate "2018.09.24"]
[WhiteTeam "Indonesia"]
[BlackTeam "FYR Macedonia"]
[WhiteTeamCountry "INA"]

1. e4 e6 2. d4 d5 3. Nc3 Nf6 4. e5 Nfd7 5. f4 c5 6. Nf3 Nc6 7. Be3 cxd4 8. Nxd4
Bc5 9. Qd2 Bxd4 10. Bxd4 Nxd4 11. Qxd4 Qb6 12. O-O-O Qxd4 13. Rxd4 Ke7 14. Bb5
h5 15. Bxd7 Bxd7 16. Rhd1 h4 17. Ne4 Bc6 18. Nd2 Rag8 19. Nf3 Rh5 20. R1d3 a6
21. Rc3 f6 22. Re3 Rc8 23. Rd2 Bd7 24. c3 Rc4 25. g3 hxg3 26. hxg3 b5 27. b3
Rc8 28. b4 a5 29. Kb2 axb4 30. cxb4 Rc4 31. a3 Rh3 32. exf6+ gxf6 33. Nd4 Kd6
34. Red3 e5 35. Nb3 d4 36. Nc5 Bf5 37. fxe5+ fxe5 38. Rf3 Bg4 39. Rf1 Kd5 40.
Rf8 Rxg3 41. Rd8+ Kc6 42. Nd3 Re3 43. Re8 Kd6 44. Rd8+ Ke7 45. Rd5 Kf6 46. Rxb5
Rc3 47. Nc5 Rxa3 48. Ne4+ Ke6 49. Nc5+ Kf5 50. Rb8 Rac3 51. Rf8+ Kg5 52. Rg2
Kh4 53. Rh8+ Bh5 54. Rh7 Rc4 55. Rh2+ Rh3 56. Rxh5+ Kxh5 57. Rxh3+ Kg4 58. Rb3
Kf5 59. Nb7 Kf4 60. Na5 Rc8 61. b5 e4 62. Nc6 e3 63. Kc2 Ke4 64. Rb4 Kd5 65.
Kd3 Rc7 66. Nxd4 Rb7 67. b6 e2 68. Rb5+ Kd6 69. Kxe2 Kd7 70. Kd3 Kd6 71. Kc4
Kd7 72. Rd5+ Kc8 73. Kb5 Rh7 74. Nc6 Rh8 75. Ka6 Rg8 76. Ne7+ 1-0

[Event "43. Olimpiada Batumi 2018 Femenina"]
[Site "Batumi GEO"]
[Date "2018.10.05"]
[Round "11.1"]
[White "Cornette, Deimante"]
[Black "Shamima, Akter"]
[Result "1-0"]
[WhiteElo "2462"]
[BlackElo "2152"]
[PlyCount "63"]
[EventDate "2018.09.24"]
[EventType "team-swiss"]
[EventRounds "11"]
[EventCountry "GEO"]
[SourceTitle "Ajedrez en Madrid"]
[Source "lmi"]
[SourceDate "2018.09.24"]
[WhiteTeam "Lithuania"]
[BlackTeam "Bangladesh"]
[WhiteTeamCountry "LTU"]
[BlackTeamCountry "BAN"]

1. e4 c5 2. Nf3 b6 3. d4 cxd4 4. Nxd4 Bb7 5. Nc3 e6 6. Ndb5 d6 7. Bf4 e5 8. Nd5
Na6 9. Be3 Nf6 10. Bg5 Be7 11. Nxf6+ gxf6 12. Bxf6 Rg8 13. Bxe7 Kxe7 14. Qh5
Nc5 15. Bc4 Rg6 16. f3 a6 17. Nc3 b5 18. Bd5 b4 19. Qxh7 Qg8 20. Qh4+ Rf6 21.
O-O bxc3 22. b4 Bxd5 23. bxc5 Bc6 24. cxd6+ Ke6 25. Rad1 Kd7 26. Qxf6 Re8 27.
Qh6 Bb5 28. Rfe1 Re6 29. Qe3 Qc8 30. Qa7+ Ke8 31. Rd5 Kf8 32. Qc7 1-0

[Event "43. Olimpiada Batumi 2018 Femenina"]
[Site "Batumi GEO"]
[Date "2018.10.05"]
[Round "11.2"]
[White "Parveen, Tanima"]
[Black "Zaksaite, Salomeja"]
[Result "1/2-1/2"]
[WhiteElo "2022"]
[BlackElo "2278"]
[PlyCount "69"]
[EventDate "2018.09.24"]
[EventType "team-swiss"]
[EventRounds "11"]
[EventCountry "GEO"]
[SourceTitle "Ajedrez en Madrid"]
[Source "lmi"]
[SourceDate "2018.09.24"]
[WhiteTeam "Bangladesh"]
[BlackTeam "Lithuania"]
[WhiteTeamCountry "BAN"]
[BlackTeamCountry "LTU"]

1. e4 c5 2. c3 Nf6 3. e5 Nd5 4. d4 cxd4 5. Nf3 e6 6. cxd4 d6 7. Bc4 Nc6 8. O-O
Be7 9. Qb3 Nb6 10. Bb5 Bd7 11. Nc3 O-O 12. Rd1 d5 13. Bd3 Nb4 14. Bb1 Nc4 15.
Re1 Rc8 16. a3 Na5 17. Qd1 Na6 18. Bh6 Re8 19. Qd3 g6 20. Ba2 Nc4 21. Rab1 b5
22. Bxc4 dxc4 23. Qe3 Bc6 24. Ng5 b4 25. Qf4 Rf8 26. Nce4 Bxe4 27. Nxe4 Re8 28.
Bg5 Nc7 29. Bxe7 Qxe7 30. Qh6 Nd5 31. Ng5 f6 32. exf6 Nxf6 33. Rxe6 Qg7 34.
Qxg7+ Kxg7 35. axb4 1/2-1/2

[Event "43. Olimpiada Batumi 2018 Femenina"]
[Site "Batumi GEO"]
[Date "2018.10.05"]
[Round "11.3"]
[White "Batyte, Daiva"]
[Black "Sultana, Sharmin Shirin"]
[Result "1-0"]
[WhiteElo "2172"]
[BlackElo "1974"]
[PlyCount "125"]
[EventDate "2018.09.24"]
[EventType "team-swiss"]
[EventRounds "11"]
[EventCountry "GEO"]
[SourceTitle "Ajedrez en Madrid"]
[Source "lmi"]
[SourceDate "2018.09.24"]
[WhiteTeam "Lithuania"]
[BlackTeam "Bangladesh"]
[WhiteTeamCountry "LTU"]
[BlackTeamCountry "BAN"]

1. Nf3 d5 2. g3 Nf6 3. Bg2 c5 4. c4 d4 5. O-O Nc6 6. d3 e5 7. Nbd2 Be7 8. Nb3
O-O 9. Bg5 Nd7 10. h4 Kh8 11. Qc1 Rb8 12. a4 b6 13. a5 a6 14. Bxe7 Qxe7 15. e3
Nb4 16. exd4 exd4 17. Qd2 b5 18. Rfe1 Qd6 19. cxb5 Rxb5 20. Ng5 Nf6 21. Qe2 h6
22. Ne4 Nxe4 23. Bxe4 Be6 24. Nd2 Qc7 25. Rac1 Rxa5 26. Nf3 Bg4 27. Qd2 Qd6 28.
Nh2 Bd7 29. Qe2 f5 30. Bg2 Rb5 31. Nf3 Bc6 32. Ne5 Bxg2 33. Kxg2 Nd5 34. Rc2
Ne3+ 35. fxe3 Qxe5 36. Qf3 Rfb8 37. Qf2 dxe3 38. Rxe3 Qd5+ 39. Qf3 Qxf3+ 40.
Kxf3 Rxb2 41. Rxc5 R2b5 42. Ree5 g6 43. h5 Rxc5 44. Rxc5 Ra8 45. hxg6 Kg7 46.
Kf4 Kxg6 47. Rc6+ Kh5 48. Kxf5 Rf8+ 49. Ke4 Ra8 50. d4 a5 51. Rc3 Kg5 52. d5
Kf6 53. Rf3+ Ke7 54. Ke5 Ra6 55. Rb3 Ra7 56. d6+ Kd7 57. Rf3 Ra8 58. Rf7+ Kc6
59. Rc7+ Kb6 60. Rc1 Rg8 61. d7 Rg5+ 62. Ke6 Rg8 63. Rc8 1-0

[Event "43. Olimpiada Batumi 2018 Femenina"]
[Site "Batumi GEO"]
[Date "2018.10.05"]
[Round "11.4"]
[White "Hamid, Rani"]
[Black "Sibajeva, Marija"]
[Result "0-1"]
[WhiteElo "1909"]
[BlackElo "1980"]
[PlyCount "120"]
[EventDate "2018.09.24"]
[EventType "team-swiss"]
[EventRounds "11"]
[EventCountry "GEO"]
[SourceTitle "Ajedrez en Madrid"]
[Source "lmi"]
[SourceDate "2018.09.24"]
[WhiteTeam "Bangladesh"]
[BlackTeam "Lithuania"]
[WhiteTeamCountry "BAN"]
[BlackTeamCountry "LTU"]

1. e4 c5 2. Nf3 e6 3. d4 cxd4 4. Nxd4 Nc6 5. Nc3 Qc7 6. Be3 a6 7. Bd3 Bb4 8.
O-O Nf6 9. Kh1 Ne5 10. f4 Nxd3 11. cxd3 d5 12. e5 Nd7 13. Nce2 O-O 14. Rc1 Qd8
15. Rf3 Qe7 16. Nb3 Qe8 17. Rh3 f6 18. a3 Be7 19. Ned4 Qf7 20. Nf3 fxe5 21.
fxe5 Bd8 22. Rc2 Qe8 23. Qc1 Nb6 24. Nc5 Rb8 25. b3 Bd7 26. a4 Rf5 27. d4 Nc8
28. Kg1 Na7 29. Rf2 Nc6 30. Qb1 g6 31. Qe1 a5 32. Bd2 b6 33. Nd3 b5 34. axb5
Rxb5 35. Nc5 Be7 36. Qe3 Nxd4 37. Nxd4 Bxc5 38. Qh6 Rf7 39. Be3 Bf8 40. Qh4 Rb7
41. Rxf7 Qxf7 42. Rf3 Qe8 43. Qe1 Bb4 44. Qf1 Bf8 45. Qa6 Rb4 46. Qxa5 Qb8 47.
Bf2 Bg7 48. Nc2 Rb5 49. Qa3 Bxe5 50. Bc5 Bg7 51. b4 Bc6 52. Rf1 e5 53. Qh3 Qe8
54. Ne3 h5 55. Qg3 Rb7 56. Rd1 Qe6 57. Qg5 d4 58. Nf1 Rf7 59. Qd8+ Kh7 60. Ng3
Qa2 0-1

[Event "43. Olimpiada Batumi 2018 Femenina"]
[Site "Batumi GEO"]
[Date "2018.10.05"]
[Round "11.1"]
[White "Eynula, Roza"]
[Black "Matras-Clement, Agnieszka"]
[Result "0-1"]
[WhiteElo "2030"]
[BlackElo "2225"]
[PlyCount "44"]
[EventDate "2018.09.24"]
[EventType "team-swiss"]
[EventRounds "11"]
[EventCountry "GEO"]
[SourceTitle "Ajedrez en Madrid"]
[Source "lmi"]
[SourceDate "2018.09.24"]
[WhiteTeam "South Korea"]
[BlackTeam "Canada"]
[BlackTeamCountry "CAN"]

1. d4 d5 2. c4 c6 3. Nc3 Nf6 4. Bg5 dxc4 5. a4 Qa5 6. Bd2 e5 7. dxe5 Qxe5 8.
Nf3 Qc5 9. e4 Ng4 10. Qe2 Nd7 11. Bf4 Be7 12. e5 g5 13. Bg3 Nb6 14. O-O-O Bf5
15. Nd4 Bd3 16. Qxg4 h5 17. Ne6 hxg4 18. Nxc5 Bxf1 19. Rhxf1 Bxc5 20. a5 Nd7
21. Ne4 Be7 22. Rd4 b5 0-1

[Event "43. Olimpiada Batumi 2018 Femenina"]
[Site "Batumi GEO"]
[Date "2018.10.05"]
[Round "11.2"]
[White "Zhou, Qiyu"]
[Black "Lee, Seyeon"]
[Result "1-0"]
[WhiteElo "2207"]
[BlackElo "1727"]
[PlyCount "59"]
[EventDate "2018.09.24"]
[EventType "team-swiss"]
[EventRounds "11"]
[EventCountry "GEO"]
[SourceTitle "Ajedrez en Madrid"]
[Source "lmi"]
[SourceDate "2018.09.24"]
[WhiteTeam "Canada"]
[BlackTeam "South Korea"]
[WhiteTeamCountry "CAN"]

1. e4 e5 2. Nf3 Nc6 3. Bb5 a6 4. Ba4 Nf6 5. O-O d6 6. c3 Be7 7. Re1 O-O 8. h3
b5 9. Bc2 Bb7 10. a3 d5 11. exd5 Qxd5 12. d3 Rad8 13. Qe2 Rfe8 14. Nbd2 Bc5 15.
b4 Ba7 16. Nf1 Qd7 17. Bg5 Qe6 18. Ng3 h6 19. Bxf6 Qxf6 20. d4 g6 21. Ne4 Qg7
22. Ng3 Qf6 23. Qe3 exd4 24. Qxh6 Qg7 25. Qf4 Bb6 26. Ne4 Re7 27. Nf6+ Kf8 28.
Ng5 Qh8 29. Nfh7+ Kg8 30. Rxe7 1-0

[Event "43. Olimpiada Batumi 2018 Femenina"]
[Site "Batumi GEO"]
[Date "2018.10.05"]
[Round "11.3"]
[White "Park, Sunwoo"]
[Black "Ouellet, Maili-Jade"]
[Result "1-0"]
[WhiteElo "1793"]
[BlackElo "2144"]
[PlyCount "87"]
[EventDate "2018.09.24"]
[EventType "team-swiss"]
[EventRounds "11"]
[EventCountry "GEO"]
[SourceTitle "Ajedrez en Madrid"]
[Source "lmi"]
[SourceDate "2018.09.24"]
[WhiteTeam "South Korea"]
[BlackTeam "Canada"]
[BlackTeamCountry "CAN"]

1. e4 c5 2. Nf3 e6 3. c3 d5 4. exd5 Qxd5 5. d4 Nf6 6. Be2 Nc6 7. O-O Be7 8.
dxc5 Bxc5 9. b4 Bb6 10. b5 Ne7 11. Ba3 Ne4 12. c4 Qxd1 13. Bxd1 a6 14. Bc2 Nc5
15. Nc3 f6 16. Bb4 e5 17. a4 a5 18. Ba3 Be6 19. Nd2 Rd8 20. Bxc5 Bxc5 21. Nde4
Bd4 22. Bb3 O-O 23. Rac1 Rd7 24. Ba2 Rc8 25. c5 Bxa2 26. Nxa2 f5 27. Nd6 Rxc5
28. Rxc5 Bxc5 29. Nc4 Ng6 30. Nxa5 Nf4 31. Nc1 Ba3 32. Nab3 Rc7 33. g3 Nd5 34.
a5 Kf7 35. b6 Rc2 36. Re1 Kf6 37. Rd1 Ke6 38. a6 bxa6 39. b7 Bd6 40. Nd3 Bc7
41. Ndc5+ Kd6 42. Nxa6 Rb2 43. Rxd5+ Kc6 44. Rb5 1-0

[Event "43. Olimpiada Batumi 2018 Femenina"]
[Site "Batumi GEO"]
[Date "2018.10.05"]
[Round "11.4"]
[White "Demchenko, Svitlana"]
[Black "Kim, Yubin"]
[Result "1-0"]
[WhiteElo "2134"]
[BlackElo "1671"]
[PlyCount "119"]
[EventDate "2018.09.24"]
[EventType "team-swiss"]
[EventRounds "11"]
[EventCountry "GEO"]
[SourceTitle "Ajedrez en Madrid"]
[Source "lmi"]
[SourceDate "2018.09.24"]
[WhiteTeam "Canada"]
[BlackTeam "South Korea"]
[WhiteTeamCountry "CAN"]

1. e4 e5 2. Nf3 Nc6 3. Bc4 Bc5 4. c3 Nf6 5. d3 d6 6. Bb3 O-O 7. O-O Bb6 8. Nbd2
Ne7 9. Re1 Ng6 10. Nf1 h6 11. Ng3 c6 12. h3 Re8 13. d4 Qc7 14. Bc2 Bd7 15. Be3
Rad8 16. Qd2 c5 17. d5 Kh7 18. Qc1 c4 19. Bd2 Qc8 20. Be3 Qc7 21. Nh2 Bxe3 22.
fxe3 Rb8 23. Rf1 Qd8 24. Qd2 Rg8 25. Rf2 Nf8 26. Raf1 Bc8 27. Nf3 Ng6 28. Ne1
Nf8 29. Ne2 N8d7 30. g4 a6 31. Rg2 g5 32. Rgf2 Rg6 33. Ng3 b5 34. Rf3 Rb7 35.
Qf2 Rg7 36. Nf5 Rg6 37. Nxd6 Rb6 38. Nf5 a5 39. Ng3 Nc5 40. Nh5 Ncd7 41. Ng2
Kh8 42. Ng3 Nc5 43. Qd2 Rd6 44. b4 axb4 45. cxb4 Ncd7 46. a4 bxa4 47. Bxa4 Nb6
48. Bc2 Nbd7 49. Qc3 Rb6 50. Ba4 Qe7 51. Qxc4 Bb7 52. Rb1 Ba6 53. Qc3 Qe8 54.
Bc6 Bb5 55. Ra1 Bxc6 56. dxc6 Nf8 57. b5 Qb8 58. c7 Qc8 59. Ra8 Qxa8 60. c8=Q
1-0

[Event "43. Olimpiada Batumi 2018 Femenina"]
[Site "Batumi GEO"]
[Date "2018.10.05"]
[Round "11.1"]
[White "Rogule, Laura"]
[Black "Castillo Pena, Patricia Evarista"]
[Result "1-0"]
[WhiteElo "2268"]
[BlackElo "1810"]
[PlyCount "57"]
[EventDate "2018.09.24"]
[EventType "team-swiss"]
[EventRounds "11"]
[EventCountry "GEO"]
[SourceTitle "Ajedrez en Madrid"]
[Source "lmi"]
[SourceDate "2018.09.24"]
[WhiteTeam "Latvia"]
[BlackTeam "Dominican Republic"]
[WhiteTeamCountry "LAT"]
[BlackTeamCountry "DOM"]

1. d4 d5 2. Nf3 Nf6 3. c4 c6 4. Nc3 e6 5. e3 Nbd7 6. Bd3 dxc4 7. Bxc4 b5 8. Bd3
Bb7 9. e4 b4 10. Na4 Be7 11. O-O h6 12. Qe2 O-O 13. e5 Nd5 14. Qe4 f5 15. exf6
Rxf6 16. Qh7+ Kf7 17. Ne5+ Nxe5 18. dxe5 Qa5 19. b3 Rd8 20. exf6 Bxf6 21. Rb1
Ne7 22. Qe4 Rd4 23. Qe2 Qd5 24. Bc4 Qf5 25. Bb2 Re4 26. Qd3 c5 27. f3 Qg6 28.
Nxc5 Rd4 29. Qxg6+ 1-0

[Event "43. Olimpiada Batumi 2018 Femenina"]
[Site "Batumi GEO"]
[Date "2018.10.05"]
[Round "11.2"]
[White "Hazim Gonzalez, Elizabeth"]
[Black "Berzina, Ilze"]
[Result "1/2-1/2"]
[WhiteElo "1748"]
[BlackElo "2218"]
[PlyCount "114"]
[EventDate "2018.09.24"]
[EventType "team-swiss"]
[EventRounds "11"]
[EventCountry "GEO"]
[SourceTitle "Ajedrez en Madrid"]
[Source "lmi"]
[SourceDate "2018.09.24"]
[WhiteTeam "Dominican Republic"]
[BlackTeam "Latvia"]
[WhiteTeamCountry "DOM"]
[BlackTeamCountry "LAT"]

1. e4 c6 2. d4 d5 3. exd5 cxd5 4. Bd3 Nc6 5. c3 Nf6 6. Bf4 Bg4 7. f3 Bh5 8. Ne2
e6 9. Qb3 Qd7 10. Nd2 Bg6 11. Qc2 Rc8 12. Qb1 Bd6 13. a4 Na5 14. O-O Nc4 15.
Nxc4 dxc4 16. Bxg6 hxg6 17. Qc1 Nd5 18. Bxd6 Qxd6 19. g3 O-O 20. Qg5 Rc6 21. a5
Rfc8 22. h4 Qd8 23. Qxd8+ Rxd8 24. Kf2 Kf8 25. Rh1 Ke7 26. h5 gxh5 27. Rxh5 g6
28. Rhh1 Rdc8 29. f4 Ra6 30. g4 Nf6 31. Kf3 Rd8 32. g5 Ne8 33. Ra2 Rd5 34. Rha1
Rb5 35. Ng3 Nd6 36. Nf1 Nf5 37. Nd2 Nd6 38. Nf1 Rc6 39. Ne3 Rc8 40. Rh1 Nf5 41.
Ng4 Rb3 42. Kf2 Nd6 43. Rh7 Rc7 44. Ne5 Kd8 45. Rh8+ Ke7 46. Rh7 Kf8 47. Ng4
Rb5 48. Kf3 a6 49. Ne5 Kg8 50. Rh2 Kf8 51. Ra1 Ke7 52. Ra2 Kd8 53. Rh8+ Ke7 54.
Rh7 Kd8 55. Rh8+ Ke7 56. Rh7 Kd8 57. Rh8+ Ke7 1/2-1/2

[Event "43. Olimpiada Batumi 2018 Femenina"]
[Site "Batumi GEO"]
[Date "2018.10.05"]
[Round "11.4"]
[White "Rosario Almanzar, Raydily"]
[Black "Limanovska, Elizabete"]
[Result "0-1"]
[WhiteElo "1755"]
[BlackElo "2064"]
[PlyCount "76"]
[EventDate "2018.09.24"]
[EventType "team-swiss"]
[EventRounds "11"]
[EventCountry "GEO"]
[SourceTitle "Ajedrez en Madrid"]
[Source "lmi"]
[SourceDate "2018.09.24"]
[WhiteTeam "Dominican Republic"]
[BlackTeam "Latvia"]
[WhiteTeamCountry "DOM"]
[BlackTeamCountry "LAT"]

1. d4 Nf6 2. Nf3 e6 3. Bf4 b6 4. e3 Bb7 5. Bd3 g6 6. c3 Bg7 7. Nbd2 d5 8. Qc2
O-O 9. h3 c5 10. O-O Nc6 11. Rfe1 Nh5 12. Bh2 f5 13. Bb5 a6 14. Bxc6 Bxc6 15.
Ne5 Be8 16. Ndf3 Nf6 17. Ng5 Qe7 18. Qb3 b5 19. Qa3 b4 20. cxb4 cxb4 21. Qa5
Ne4 22. Nxe4 fxe4 23. Rac1 h5 24. Rc7 Qf6 25. Bg3 g5 26. Qxb4 g4 27. Qe7 gxh3
28. Qxf6 Bxf6 29. gxh3 Bg5 30. h4 Bd8 31. Rb7 Rc8 32. Kh2 Kh8 33. Rg1 Bf6 34.
Bf4 Rc2 35. Rg2 Bxh4 36. Bh6 Rfxf2 37. Bg7+ Kg8 38. Bh6+ Rxg2+ 0-1

[Event "43. Olimpiada Batumi 2018 Femenina"]
[Site "Batumi GEO"]
[Date "2018.10.05"]
[Round "11.1"]
[White "Wafa, Shrook"]
[Black "Atikankhotchasee, Manunthon"]
[Result "1-0"]
[WhiteElo "2136"]
[BlackElo "1667"]
[PlyCount "85"]
[EventDate "2018.09.24"]
[EventType "team-swiss"]
[EventRounds "11"]
[EventCountry "GEO"]
[SourceTitle "Ajedrez en Madrid"]
[Source "lmi"]
[SourceDate "2018.09.24"]
[WhiteTeam "Egypt"]
[BlackTeam "Thailand"]
[WhiteTeamCountry "EGY"]
[BlackTeamCountry "THA"]

1. e4 c5 2. Nf3 e6 3. Nc3 Nc6 4. Bb5 Nge7 5. O-O a6 6. Bxc6 Nxc6 7. d4 cxd4 8.
Nxd4 Bc5 9. Nb3 Ba7 10. Bf4 e5 11. Bg3 h5 12. h4 g5 13. Nd5 gxh4 14. Bh2 d6 15.
Qf3 Rh6 16. Ne3 Bxe3 17. Qxe3 Rg6 18. Kh1 Qf6 19. c3 Bg4 20. f4 exf4 21. Rxf4
Qe7 22. Raf1 f6 23. Nd4 Nxd4 24. Qxd4 Kf7 25. Qd5+ Kg7 26. R4f2 Rd8 27. Bf4 Be6
28. Qxh5 Bxa2 29. Qe2 b5 30. Rd1 Bb3 31. Rd4 h3 32. g3 d5 33. Kh2 Re8 34. Qd2
Kg8 35. exd5 Bc4 36. Qc2 Kg7 37. b3 Be2 38. d6 Qd7 39. Rxe2 Rxe2+ 40. Qxe2 Kf7
41. Re4 Kf8 42. Re7 Qc6 43. d7 1-0

[Event "43. Olimpiada Batumi 2018 Femenina"]
[Site "Batumi GEO"]
[Date "2018.10.05"]
[Round "11.2"]
[White "Chuemsakul, Sarocha"]
[Black "Wafa, Shahenda"]
[Result "0-1"]
[WhiteElo "1620"]
[BlackElo "2129"]
[PlyCount "86"]
[EventDate "2018.09.24"]
[EventType "team-swiss"]
[EventRounds "11"]
[EventCountry "GEO"]
[SourceTitle "Ajedrez en Madrid"]
[Source "lmi"]
[SourceDate "2018.09.24"]
[WhiteTeam "Thailand"]
[BlackTeam "Egypt"]
[WhiteTeamCountry "THA"]
[BlackTeamCountry "EGY"]

1. d4 f5 2. c4 Nf6 3. Nf3 g6 4. g3 Bg7 5. Bg2 O-O 6. O-O d6 7. Nbd2 c6 8. Re1
Na6 9. b3 e5 10. dxe5 dxe5 11. Bb2 e4 12. Ng5 h6 13. Nh3 Be6 14. Nf4 Bf7 15. f3
Qb6+ 16. Kh1 Ng4 17. fxg4 Bxb2 18. Rb1 Bc3 19. Qc1 Qa5 20. Rd1 Rad8 21. Nf1 g5
22. Nh3 fxg4 23. Nf2 Bg7 24. Nxe4 Qxa2 25. Ne3 Bg6 26. Nc2 Rde8 27. Nd4 Bxe4
28. Bxe4 Bxd4 29. Rxd4 Qxe2 30. Bg2 Rf2 31. Qg1 Qc2 32. Rbd1 Ree2 33. Rd8+ Kg7
34. R1d7+ Kg6 35. Rd6+ Kg7 36. R6d7+ Kg6 37. Rd6+ Kf7 38. R6d7+ Re7 39. Rxe7+
Kxe7 40. Rd1 Nc5 41. Rd4 Ne6 42. Re4 Rxg2 43. Qxg2 Qb1+ 0-1

[Event "43. Olimpiada Batumi 2018 Femenina"]
[Site "Batumi GEO"]
[Date "2018.10.05"]
[Round "11.3"]
[White "Moaataz, Ayah"]
[Black "Prommuang, Araya"]
[Result "1-0"]
[WhiteElo "2020"]
[BlackElo "1495"]
[PlyCount "87"]
[EventDate "2018.09.24"]
[EventType "team-swiss"]
[EventRounds "11"]
[EventCountry "GEO"]
[SourceTitle "Ajedrez en Madrid"]
[Source "lmi"]
[SourceDate "2018.09.24"]
[WhiteTeam "Egypt"]
[BlackTeam "Thailand"]
[WhiteTeamCountry "EGY"]
[BlackTeamCountry "THA"]

1. c4 c5 2. g3 g6 3. Bg2 Bg7 4. Nc3 Nc6 5. a3 Nf6 6. e3 d6 7. Nge2 Ne5 8. d3
Bf5 9. e4 Bg4 10. h3 Bf3 11. O-O O-O 12. Be3 Bxg2 13. Kxg2 Nc6 14. Rb1 a5 15.
f4 Nd7 16. Nb5 f5 17. Qc2 Rc8 18. Rbd1 fxe4 19. dxe4 Qb6 20. Qd2 Rcd8 21. Nec3
Nf6 22. Qd3 Kh8 23. Na4 Qa6 24. Nc7 Qa7 25. Ne6 Rfe8 26. Nxd8 Rxd8 27. Nc3 Qb6
28. Nb5 Nd7 29. Rf2 Nf8 30. Qd5 Nd7 31. g4 Nf6 32. Qd3 Ne8 33. Nc3 Nc7 34. e5
Ne6 35. Nd5 Qa6 36. exd6 Rxd6 37. b3 Rd8 38. Qe4 Ned4 39. Bxd4 Bxd4 40. Rfd2 e5
41. f5 gxf5 42. Qxf5 a4 43. Nf6 Kg7 44. Nh5+ 1-0

[Event "43. Olimpiada Batumi 2018 Femenina"]
[Site "Batumi GEO"]
[Date "2018.10.05"]
[Round "11.4"]
[White "Buhagiar, Melita Sunan"]
[Black "Sherif, Amina"]
[Result "0-1"]
[WhiteElo "1378"]
[BlackElo "1946"]
[PlyCount "108"]
[EventDate "2018.09.24"]
[EventType "team-swiss"]
[EventRounds "11"]
[EventCountry "GEO"]
[SourceTitle "Ajedrez en Madrid"]
[Source "lmi"]
[SourceDate "2018.09.24"]
[WhiteTeam "Thailand"]
[BlackTeam "Egypt"]
[WhiteTeamCountry "THA"]
[BlackTeamCountry "EGY"]

1. d4 Nf6 2. c4 d6 3. Nf3 Nbd7 4. Nc3 e5 5. d5 Be7 6. e4 Nc5 7. Qc2 a5 8. Be3
b6 9. Be2 O-O 10. O-O g6 11. a3 Re8 12. h3 Nfxe4 13. Nxe4 Nxe4 14. Nh2 f5 15.
b4 Bb7 16. g4 Bg5 17. Bd3 Bxe3 18. fxe3 Qg5 19. Rae1 Ng3 20. Rf3 Nh5 21. Rf2
Ng7 22. Kh1 e4 23. Bf1 axb4 24. axb4 Ra3 25. gxf5 Nxf5 26. Rg2 Qh4 27. Qf2 Qxf2
28. Rxf2 Nxe3 29. Rfe2 Nxf1 30. Nxf1 Rxh3+ 31. Kg2 Rc3 32. Rxe4 Rxe4 33. Rxe4
Rxc4 34. Rxc4 Bxd5+ 35. Kg1 Bxc4 36. Ne3 Be6 37. Kf2 c5 38. bxc5 dxc5 39. Ke2
Kg7 40. Kd2 Kf6 41. Kd3 Ke5 42. Nc4+ Bxc4+ 43. Kxc4 b5+ 44. Kxc5 h5 45. Kxb5 h4
46. Kc4 h3 47. Kd3 h2 48. Ke2 h1=Q 49. Kd2 Qf3 50. Ke1 Qg2 51. Kd1 Qf2 52. Kc1
Kd4 53. Kb1 Kc3 54. Kc1 Qe1# 0-1

[Event "43. Olimpiada Batumi 2018 Femenina"]
[Site "Batumi GEO"]
[Date "2018.10.05"]
[Round "11.1"]
[White "Gomez Barrera, Javiera Belen"]
[Black "Samaganova, Alexandra"]
[Result "1/2-1/2"]
[WhiteElo "2035"]
[BlackElo "2024"]
[PlyCount "81"]
[EventDate "2018.09.24"]
[EventType "team-swiss"]
[EventRounds "11"]
[EventCountry "GEO"]
[SourceTitle "Ajedrez en Madrid"]
[Source "lmi"]
[SourceDate "2018.09.24"]
[WhiteTeam "Chile"]
[BlackTeam "Kyrgyzstan"]
[WhiteTeamCountry "CHI"]
[BlackTeamCountry "KGZ"]

1. e4 c5 2. Nf3 e6 3. d4 cxd4 4. Nxd4 a6 5. Bd3 Qc7 6. Qe2 Nc6 7. Nxc6 bxc6 8.
e5 Ne7 9. Nd2 Ng6 10. Nc4 d5 11. exd6 Bxd6 12. Nxd6+ Qxd6 13. Qe3 O-O 14. O-O
e5 15. Bxg6 hxg6 16. b3 Bf5 17. Bb2 f6 18. Rad1 Qb4 19. Rd2 Qa5 20. a4 Rad8 21.
Bc3 Qc7 22. Qc5 Rxd2 23. Bxd2 Qd7 24. Bb4 Rb8 25. Ba5 Kh7 26. Qc3 Qd5 27. Rb1
Bxc2 28. Qxc2 Qxa5 29. h4 Qd5 30. h5 e4 31. hxg6+ Kxg6 32. Rd1 Qe5 33. Qxc6
Rxb3 34. Qxa6 e3 35. Qe2 Ra3 36. Qg4+ Kh7 37. Qh3+ Kg6 38. Qg4+ Kh7 39. Qh3+
Kg6 40. Qg4+ Kh7 41. Qh3+ 1/2-1/2

[Event "43. Olimpiada Batumi 2018 Femenina"]
[Site "Batumi GEO"]
[Date "2018.10.05"]
[Round "11.2"]
[White "Omurbekova, Diana"]
[Black "Jorquera Cabello, Valentina"]
[Result "0-1"]
[WhiteElo "1877"]
[BlackElo "2031"]
[PlyCount "118"]
[EventDate "2018.09.24"]
[EventType "team-swiss"]
[EventRounds "11"]
[EventCountry "GEO"]
[SourceTitle "Ajedrez en Madrid"]
[Source "lmi"]
[SourceDate "2018.09.24"]
[WhiteTeam "Kyrgyzstan"]
[BlackTeam "Chile"]
[WhiteTeamCountry "KGZ"]
[BlackTeamCountry "CHI"]

1. e4 c5 2. Nf3 Nc6 3. d4 cxd4 4. Nxd4 Nf6 5. f3 e5 6. Nb3 Be7 7. c4 a5 8. a4
Bb4+ 9. Nc3 d6 10. Bd2 O-O 11. Be2 Qb6 12. Nb5 Rd8 13. Bxb4 Nxb4 14. Qd2 Be6
15. Rd1 Ne8 16. h4 Rac8 17. Qc3 f6 18. c5 dxc5 19. Rxd8 Rxd8 20. Qxc5 Qxc5 21.
Nxc5 Bc8 22. Bc4+ Kf8 23. Ke2 b6 24. Ne6+ Bxe6 25. Bxe6 Ke7 26. Bg8 Nd3 27. b3
Nf4+ 28. Kf2 Rd2+ 29. Ke1 Rxg2 30. Bxh7 Rb2 31. Nc3 Rc2 32. Nd1 Nd6 33. Bg8 Nb7
34. Rg1 Kf8 35. Bc4 Nc5 36. Ne3 Ncd3+ 37. Bxd3 Nxd3+ 38. Kd1 Rc1+ 39. Kd2 Rxg1
40. Kxd3 Rg3 41. Ke2 Rg1 42. Nc4 Rb1 43. Nxb6 Rxb3 44. Nc4 Rb4 45. Nxa5 Rxa4
46. Nb3 Ra2+ 47. Nd2 Kg8 48. Ke3 Kh7 49. Nf1 Kh6 50. Ng3 g6 51. Nh1 Kh5 52. Nf2
Kxh4 53. Ng4 Kg5 54. Kd3 Ra3+ 55. Ke2 Kf4 56. Nxf6 Ra2+ 57. Kd3 Kxf3 58. Kc4
Rd2 59. Kc3 Rd4 0-1